All F2/F2 FIA/GP2 Series/GP2 Asia Series/International F3000 Champions - Statistics

General Stats
  • This quiz has been taken 42 times
    7 since last reset
  • The average score is 38 of 66
Answer Stats
Year Champion % Correct
F2 - 2017 Charles Leclerc
100%
F2 - 2022 Felipe Drugovich
100%
F2 - 2024 Gabriel Bortoleto
100%
GP2 Series - 2006 Lewis Hamilton
100%
GP2 Series - 2005 Nico Rosberg
100%
F2 - 2019 Nyck de Vries
100%
GP2 Series - 2016 Pierre Gasly
100%
GP2 Series - 2007 Timo Glock
100%
International F3000 - 2003 Björn Wirdheim
75%
International F3000 - 2000 Bruno Junqueira
75%
International F3000 - 1991 Christian Fittipaldi
75%
GP2 Series - 2012 Davide Valsecchi
75%
GP2 Asia Series - 2009/10 Davide Valsecchi
75%
GP2 Series - 2008 Giorgio Pantano
75%
International F3000 - 1986 Ivan Capelli
75%
Formula 2 - 1967 Jacky Ickx
75%
Formula 2 - 1976 Jean-Pierre Jabouille
75%
Formula 2 - 1973 Jean-Pierre Jarrier
75%
Formula 2 - 1969 Johnny Servoz-Gavin
75%
International F3000 - 1998 Juan Pablo Montoya
75%
International F3000 - 1992 Luca Badoer
75%
F2 FIA - 2012 Luciano Bacheta
75%
F2 - 2020 Mick Schumacher
75%
GP2 Series - 2009 Nico Hülkenberg
75%
International F3000 - 1988 Roberto Pupo Moreno
75%
GP2 Series - 2011 Romain Grosjean
75%
GP2 Asia Series - 2011 Romain Grosjean
75%
GP2 Asia Series - 2008 Romain Grosjean
75%
International F3000 - 2002 Sébastien Bourdais
75%
International F3000 - 1987 Stefano Modena
75%
GP2 Series - 2015 Stoffel Vandoorne
75%
F2 - 2023 Théo Pourchaire
75%
International F3000 - 1995 Vincenzo Sospiri
75%
International F3000 - 2004 Vitantonio Liuzzi
75%
F2 FIA - 2009 Andy Soucek
50%
GP2 Series - 2013 Fabio Leimer
50%
F2 - 2018 George Russell
50%
Formula 2 - 1975 Jacques Laffite
50%
International F3000 - 1989 Jean Alesi
50%
Formula 2 - 1968 Jean-Pierre Beltoise
50%
GP2 Series - 2014 Jolyon Palmer
50%
Formula 2 - 1983 Jonathan Palmer
50%
International F3000 - 1996 Jörg Müller
50%
Formula 2 - 1984 Mike Thackwell
50%
International F3000 - 1999 Nick Heidfeld
50%
International F3000 - 1993 Olivier Panis
50%
F2 - 2021 Oscar Piastri
50%
GP2 Series - 2010 Pastor Maldonado
50%
Formula 2 - 1977 René Arnoux
50%
International F3000 - 1997 Ricardo Zonta
50%
Formula 2 - 1978 Bruno Giacomelli
25%
International F3000 - 1985 Christian Danner
25%
Formula 2 - 1970 Clay Regazzoni
25%
Formula 2 - 1982 Corrado Fabi
25%
F2 FIA - 2010 Dean Stoneman
25%
International F3000 - 1990 Érik Comas
25%
International F3000 - 1994 Jean-Christophe Boullion
25%
International F3000 - 2001 Justin Wilson
25%
F2 FIA - 2011 Mirko Bortolotti
25%
Formula 2 - 1974 Patrick Depailler
25%
Formula 2 - 1971 Ronnie Peterson
25%
Formula 2 - 1980 Brian Henton
0%
Formula 2 - 1981 Geoff Lees
0%
GP2 Asia Series - 2008/09 Kamui Kobayashi
0%
Formula 2 - 1979 Marc Surer
0%
Formula 2 - 1972 Mike Hailwood
0%
No matching quizzes found
Score Distribution
Percent of People with Each Score
Percentile by Number Answered
Your Score History
You have not taken this quiz since the last reset